000 01560nam0a2200313 4500
001 RU\NLR\BIBL_A\012110501
005 20191010132225.0
010 _a978-5-91342-031-2
_9100
021 _aRU
_bКН-П-19-066398
_9КН-П-19-4776
035 _a(NLR Aleph) 012110501
035 _a(RuMoRGB)010087961
090 _a11937921
_c11937921
100 _a20191003d2019 u y0rusy50 ca
101 1 _arus
_ceng
102 _aRU
105 _ay z ||000zd
200 1 _aСамые известные охотники мира
_fСоюз охотников и рыболовов Свердловской области, Ирбитское общество охотников и рыболовов, Секция охотничьего наследия
_g[А. С. Еремин, перевод с английского
_gсоставители Н. И. Быков, А. С. Еремин]
210 _aИрбит
_cПечатный вал
_d2019
215 _a138 с.
_d21
606 1 _aОхотники
_92352062
_3RU\NLR\AUTH\6601628043
686 1 _aП711д(0)
702 1 _4220
_7ca
_8rus
_aБыков
_bН. И.
_cпред. о-ва охотников и рыболовов
_gНиколай Иванович
_9191513
_3RU\NLR\AUTH\770191564
712 0 2 _4570
_aИрбитское общество охотников и рыболовов
_bСекция охотничьего наследия
_9679748
_3RU\NLR\AUTH\880509723
942 _cBOOK
980 _aNBR
980 _aNB